000 01217nam a2200277Ia 4500
003 OSt
005 20221005111047.0
006 a|||||r|||| 00| 0
007 ta
008 221004b |||||||| |||| 00| 0 hin d
020 _a9788183612302 (hbk)
_c900
024 _a15843
037 _bBR6162, 24/12/2014, Rajkamal Prakashan Pvt. Ltd.
_cTextual
040 _aCRL
_cCRL
_bhin
041 _2hin
_ahin
082 _aO164,1M76,JA, 152P8
100 _aमुहम्मद इक़बाल
245 0 _aमुहम्मद इक़बाल का फ़ारसी महाकाव्य जावेदनामा
246 _aMuhammad iक़bāl kā फ़ārasī mahākāvya jāvedanāmā
260 _aनई दिल्ली
_bराधाकृष्ण भारत
_c2009
300 _a359पृ0
_ccm.
650 _aपरशियन कविता
700 _a ख़ान, मुहम्मद शीस, अनु.
_9624158
942 _hO164,1M76,JA, 152P8
_cTEXL
_2cc
999 _c1020682
_d1020682